LEADER 01000nam0-22003491i-450- 001 990000982000403321 005 20140411131927.0 010 $a0-7204-1104-1 035 $a000098200 035 $aFED01000098200 035 $a(Aleph)000098200FED01 035 $a000098200 100 $a20001205d--------km-y0itay50------ba 101 0 $aeng 200 1 $a<>Maxwell Equations$eNon-Relativistic and Relativistic Derivations from Electron Theory$fS.R. de Goot 210 $aAmsterdam [etc.]$cNorth-Holland$d1969 225 1 $aStudies in statistical mechanics$v4 610 0 $aElettricitą 610 0 $aMagnetismo 610 0 $aCampi elettromagnetici 676 $a537 676 $a538 700 1$aGroot,$bSybren Ruurds de$017795 801 0$aIT$bUNINA$gRICA$2UNIMARC 901 $aBK 912 $a990000982000403321 952 $a29-058$b6889$fFI1 952 $aFIS.MAT.D.43$b2899$fDARCO 959 $aFI1 959 $aDARCO 996 $aMaxwell Equations$9353428 997 $aUNINA LEADER 02050nam 2200529 a 450 001 9910779879003321 005 20230803021051.0 010 $a0-85700-839-0 035 $a(CKB)2550000001100520 035 $a(EBL)1316744 035 $a(OCoLC)853238356 035 $a(SSID)ssj0000917638 035 $a(PQKBManifestationID)12402293 035 $a(PQKBTitleCode)TC0000917638 035 $a(PQKBWorkID)10893048 035 $a(PQKB)10877858 035 $a(MiAaPQ)EBC1316744 035 $a(EXLCZ)992550000001100520 100 $a20130401d2013 uy 0 101 0 $aeng 135 $aur|n|---||||| 181 $ctxt 182 $cc 183 $acr 200 10$aActivities for older people in care homes$b[electronic resource] $ea handbook for successful activity planning /$fSarah Crockett 210 $aLondon $cJessica Kingsley Publishers$d2013 215 $a1 online resource (210 p.) 300 $aDescription based upon print version of record. 311 $a1-84905-429-0 311 $a1-299-73695-5 320 $aIncludes bibliographical references and index. 327 $apt. 1. The importance of activities and how to get started -- pt. 2. But what can I actually do? 330 $aWhen tasked with providing activities for older people in care, it can be difficult to know where to begin. What constitutes an activity? How can you make sure activities are positive and person-centred? What can you actually do? Offering advice, encouragement and a wealth of practical suggestions, this is an indispensable companion for carers. 606 $aNursing homes$xRecreational activities 606 $aOlder people$xRecreation 615 0$aNursing homes$xRecreational activities. 615 0$aOlder people$xRecreation. 676 $a362.2 676 $a362.2/3 700 $aCrockett$b Sarah$01502027 801 0$bMiAaPQ 801 1$bMiAaPQ 801 2$bMiAaPQ 906 $aBOOK 912 $a9910779879003321 996 $aActivities for older people in care homes$93729506 997 $aUNINA